PV Textbook of Medical Surgical Nursing II (Record no. 141875)

MARC details
000 -LEADER
fixed length control field 00419nam a2200157Ia 4500
008 - FIXED-LENGTH DATA ELEMENTS--GENERAL INFORMATION
fixed length control field 230314s9999 xx 000 0 und d
020 ## - INTERNATIONAL STANDARD BOOK NUMBER
International Standard Book Number 978-93-81390-15-3
041 ## - LANGUAGE CODE
Language code of text/sound track or separate title eng
082 ## - DEWEY DECIMAL CLASSIFICATION NUMBER
Classification number MS/610.7361/ANS/B08235
100 ## - MAIN ENTRY--PERSONAL NAME
Personal name Ansari Javed
9 (RLIN) 179865
245 ## - TITLE STATEMENT
Title PV Textbook of Medical Surgical Nursing II
260 ## - PUBLICATION, DISTRIBUTION, ETC. (IMPRINT)
Name of publisher, distributor, etc. S Vikas and Co
Place of publication, distribution, etc. Jalandhar
Date of publication, distribution, etc. 2014
300 ## - PHYSICAL DESCRIPTION
Extent 1368
906 ## - LOCAL DATA ELEMENT F, LDF (RLIN)
b BSC
Holdings
Withdrawn status Lost status Damaged status Not for loan Collection code Home library Current library Date acquired Vendor Cost, normal purchase price Bill number Total Checkouts Total Renewals Full call number Barcode Date last seen Date last checked out Cost, replacement price Bill Date Koha item type Original Barcode
        MS Smt. Bakul Tambat Institute of Nursing Education Smt. Bakul Tambat Institute of Nursing Education 30/03/2017 Samutkarsh 1599.00 79 28 18 MS 610.7361 ANS B08501 BTIN-BK-8501 02/05/2025 12/03/2025 1167.27 20/05/2015 Books B08501